BHAGAT SINGH SELECT SPEECHES & WRITINGS (Record no. 33768)

MARC details
000 -LEADER
fixed length control field 00268nam a22001217a 4500
003 - CONTROL NUMBER IDENTIFIER
control field SGT
082 ## - DEWEY DECIMAL CLASSIFICATION NUMBER
Classification number 920.054
Item number GUP
100 ## - MAIN ENTRY--PERSONAL NAME
Personal name GUPTA D.N
245 ## - TITLE STATEMENT
Title BHAGAT SINGH SELECT SPEECHES & WRITINGS
260 ## - PUBLICATION, DISTRIBUTION, ETC. (IMPRINT)
Place of publication, distribution, etc INDIA
Name of publisher, distributor, etc NBTA PUB
Year of Publication 2017
300 ## - PAGE DESCRIPTION
No. of Pages 151
942 ## - ADDED ENTRY ELEMENTS (KOHA)
Source of classification or shelving scheme Dewey Decimal Classification
Koha item type Books
Holdings
Withdrawn status Lost status Source of classification or shelving scheme Damaged status Not for loan Collection code Home library Current library Shelving location Date acquired SGTU Total Checkouts Full call number Accession No. (Barcode) Date last seen Date last borrowed Bill Date Koha item type
    Dewey Decimal Classification     MASS COMMUNICATION SGT Science & Social Sciences Library SGT Science & Social Sciences Library Text Book 30/01/2026 SGTU 1 920.054 GUP MC1491 15/05/2026 30/04/2026 30/01/2026 Books